Monsignor Quixote /

Bibliographic Details
Main Author: Greene, Graham, 1904-1991
Format: Book
Language:English
Published: New York : Simon and Schuster, [1982]

MARC

Tag First Indicator Second Indicator Subfields
LEADER 00000pam a2200000 a 4500
001 in00000086185
005 20151008062604.0
008 820507s1982 nyu 00011 eng
010 |a  82005937  
020 |a 0671458183 
035 |a (OCoLC)08474441 
035 |9 AAK0541AM 
040 |a DLC  |c DLC  |d TXA  |d UtOrBLW 
049 |a TXAM  |c [1482474] 
050 0 0 |a PR6013 R44  |b M6 1982 
082 0 |a 821/.912  |2 19 
100 1 |a Greene, Graham,  |d 1904-1991. 
245 1 0 |a Monsignor Quixote /  |c Graham Greene. 
264 1 |a New York :  |b Simon and Schuster,  |c [1982] 
264 4 |c ©1982 
300 |a 221 pages ;  |c 22 cm. 
336 |a text  |b txt  |2 rdacontent 
337 |a unmediated  |b n  |2 rdamedia 
338 |a volume  |b nc  |2 rdacarrier 
536 |a From the Biblioteca Asensio, April 2004. 
999 |a MARS 
999 f f |s eb2a5f27-0668-3e65-88bf-f6cf0c31dfcd  |i dbf3d270-a803-3000-b519-7d6178346b62  |t 0 
952 f f |p normal  |a Texas A&M University  |b College Station  |c Sterling C. Evans Library  |s Evans stk  |d Evans: Library Stacks  |t 0  |e PR6013 R44 M6 1982  |h Library of Congress classification  |i unmediated -- volume  |m A14831603650 
952 f f |p normal  |a Texas A&M University  |b College Station  |c Sterling C. Evans Library  |s Evans stk  |d Evans: Library Stacks  |t 0  |e PR6013 R44 M6 1982  |h Library of Congress classification  |i unmediated -- volume  |m A14805959277 
998 f f |a PR6013 R44 M6 1982  |t 0  |l Evans: Library Stacks 
998 f f |a PR6013 R44 M6 1982  |t 0  |l Evans: Library Stacks